000
00331nam a2200133Ia 4500
008
240624s9999 xx 000 0 und d
041
_a
eng
082
_a
382 SEK
100
_a
SEKHAR Y CHANDRA
245
_a
WTO CANCUN AND BEYOND
260
_c
2005
_a
Hyderabad
_b
ICFAI University
300
_a
x, : 227 : p. : cm. ; 23
365
_c
RS
999
_c
2930
_d
2930